000 00422nam a22001697a 4500
003 MPLRDC
005 20220104124200.0
008 210129b ||||| |||| 00| 0 eng d
082 _a331.2 BER
100 _aPETER GABRIEL BERGMANN著; 周奇、郝苹译
245 _a相对论引论
_c
250 _a一版六刷
260 _a
_b人民教育出版社
_c1979
300 _b
650 _a
942 _cBK
_o331.2 BER
999 _c17284
_d17274